|
|
|
|
| LEADER |
00598cam a2200145 7i4500 |
| 001 |
0000002693 |
| 005 |
20020724090000.0 |
| 090 |
0 |
0 |
|a JX 1581
|b M35 R8
|
| 100 |
1 |
0 |
|a Rubin
|
| 245 |
1 |
4 |
|a The international personality of the Malay Peninsula :
|b a study of the international law of imperialism
|c Alfred P. Rubin.
|
| 260 |
0 |
0 |
|a Kuala Lumpur:
|b Penerbit Universiti Malaya,
|c 1974.
|
| 300 |
# |
# |
|a 327p.;
|c 25cm.
|
| 500 |
0 |
0 |
|a Originally presented as the author's thesis (M. Litt.), Cambridge, 1963
|
| 651 |
0 |
0 |
|a Malaysia, Semenanjun --
|x Foreign relation --
|x History.
|
| 999 |
|
|
|a 1000401480
|b Book
|c Open Shelf
|e KOLEKSI TERBUKA
|